000 00551nam a2200157Ia 4500
008 240126s9999 xx 000 0 und d
041 _aEnglish
082 _aPRIS08-1292
100 _aDeepak K N, Hanmant Reddy, Naresh Kumar HN, Lokanath R
245 0 _aData Compression and Encryption [electronic resource: Project Report]
_bVijayakala
260 _bPESIT, Dept. of IS
_aBangalore
440 _aNULL
650 _aCompression,Encryption,[electronic,resource:,Project,Report],Information Science
650 _aInformation Science
942 _cPR
999 _c258557
_d258557